MARC details
| 000 -CABECERA |
| campo de control de longitud fija |
01047nam a2200265 a 4500 |
| 001 - NÚMERO DE CONTROL |
| campo de control |
000005757 |
| 005 - FECHA Y HORA DE LA ÚLTIMA TRANSACCIÓN |
| campo de control |
20200929151755.0 |
| 008 - DATOS DE LONGITUD FIJA--INFORMACIÓN GENERAL |
| campo de control de longitud fija |
850315s1975 uy b f000 0 spa |
| 010 ## - NÚMERO DE CONTROL DE LA BIBLIOTECA DEL CONGRESO |
| Número de control de LC |
85130474 |
| 040 ## - FUENTE DE LA CATALOGACIÓN |
| Centro catalogador/agencia de origen |
DO-SdBNP |
| Centro/agencia transcriptor |
DLC |
| Centro/agencia modificador |
DLC |
| 082 ## - NÚMERO DE LA CLASIFICACIÓN DECIMAL DEWEY |
| Número de clasificación |
989.5 |
| Número de documento/Ítem |
B641g |
| 100 1# - ENTRADA PRINCIPAL--NOMBRE DE PERSONA |
| Nombre de persona |
Blanco Acevedo, Pablo, |
| Fechas asociadas al nombre |
1880-1935. |
| 9 (RLIN) |
16296 |
| 245 13 - MENCIÓN DE TÍTULO |
| Título |
El gobierno colonial en el Uruguay y los orígenes de la nacionalidad / |
| Mención de responsabilidad, etc. |
Pablo Blanco Acevedo ; prólogo de Raúl Montero Bustamante. |
| 260 ## - PUBLICACIÓN, DISTRIBUCIÓN, ETC. |
| Lugar de publicación, distribución, etc. |
Montevideo : |
| Nombre del editor, distribuidor, etc. |
Ministerio de Educación y Cultura, |
| Fecha de publicación, distribución, etc. |
1975. |
| 300 ## - DESCRIPCIÓN FÍSICA |
| Extensión |
2 v. ; |
| Dimensiones |
19 cm. |
| 490 1# - MENCIÓN DE SERIE |
| Mención de serie |
Biblioteca Artigas |
| Designación de volumen o secuencia |
v. 149-150 |
| 490 1# - MENCIÓN DE SERIE |
| Mención de serie |
Clásicos uruguayos |
| Designación de volumen o secuencia |
v. 149-150 |
| 500 ## - NOTA GENERAL |
| Nota general |
Spine title: El gobierno colonial. |
| 504 ## - NOTA DE BIBLIOGRAFÍA, ETC. |
| Nota de bibliografía, etc. |
Incluye referencia bibliográfica y notas al pie de las páginas |
| 651 #4 - PUNTO DE ACCESO ADICIONAL DE MATERIA--NOMBRE GEOGRÁFICO |
| Nombre geográfico |
Uruguay |
| Subdivisión general |
Historia |
| Subdivisión cronológica |
1810. |
| 9 (RLIN) |
16297 |
| 700 1# - PUNTO DE ACCESO ADICIONAL--NOMBRE DE PERSONA |
| Nombre de persona |
Montero Bustamante, Raúl |
| Término indicativo de función/relación |
pról. |
| 9 (RLIN) |
16298 |
| 740 0# - PUNTO DE ACCESO ADICIONAL--TÍTULO RELACIONADO O ANALÍTICO NO CONTROLADO |
| Título relacionado o analítico no controlado |
Gobierno colonial. |
| 830 #0 - PUNTO DE ACCESO ADICIONAL DE SERIE-TÍTULO UNIFORME |
| Título uniforme |
Biblioteca Artigas |
| Nombre de parte o sección de la obra |
Clásicos uruguayos ; |
| Designación de volumen o secuencia |
v. 149-150 |
| 9 (RLIN) |
16276 |
| 910 ## - DATOS DE OPCIÓN DEL USUARIO (OCLC) |
| Datos de opción del usuario |
Catalogación por copia / LC |